Rhyming double words #2 - Statistics

General Stats
  • This quiz has been taken 53 times
  • The average score is 8 of 26
Answer Stats
Hint Answer % Correct
Slang for a banker or an overweight feline Fat Cat
82%
Put your left foot in, put your left foot out... Hokey Cokey
80%
A child who's afraid of the dark might use one of these Night light
73%
Employee of Willy Wonka Oompa Loompa
73%
Abbreviation for wireless internet Wi-Fi
70%
Portable two-way tranceiver Walkie Talkie
64%
A conjurer's catchphrase Hocus Pocus
59%
Classic boxing robot toy Rock 'Em Sock 'Em
36%
Wisconsin children's clothing company OshKosh B'Gosh
34%
Purple Telletubby Tinky Winky
34%
Deceived Chicken Licken and then ate him! Foxy Loxy
23%
The important basic details of something Nitty gritty
23%
Popular McVitie's oat biscuit HobNob
20%
Street where Buckingham Palace is found Pall Mall
18%
Twisty Cadbury chocolate Curly Wurly
16%
A spiralling slide around a tower Helter Skelter
16%
Song by "Sam the Sham & the Pharaohs", or a mean ovine Wooly Bully
16%
Originates from a Mandingo word, nonsense or meaningless language Mumbo Jumbo
14%
Lock pick, snack food or a very thin person Slim Jim
9%
Dish popular in East Asia or Lancashire Hot Pot
7%
Orange dress wearing children's book character, friend of Jac y Jwc Sali Mali
5%
British fashion retailer Top Shop
5%
"Daddy wouldn't buy me a ___ ___" Bow Wow
2%
A stringed instrument that makes a droning sound Hurdy-gurdy
2%
Borrowed Welsh phrase, meaning "Him over there" Wnco Mwnco
2%
Star of 'Changing rooms' or South African brand of detergent Handy Andy
0%
No matching quizzes found
Score Distribution
Percent of People with Each Score
Percentile by Number Answered
Your Score History
You have not taken this quiz